000 00958nabaa22001937a 4500
999 _c6178
_d6178
003 OSt
005 20260123233428.0
008 190701b xxu||||| |||| 00| 0 spa d
040 _cPJ
100 _96919
_aGarcía, Gerardo Gabriel
245 1 0 _aLa Constitución como norma fundante del derecho administrativo :
_binterpretación de normas administrativas y aplicación de estándares de derechos humanos /
_cGerardo Gabriel García.
300 _ap. 171-184
500 _aCita: TR LALEY AR/DOC/1102/2024
505 _aSumario: I. Introducción.— II. Los casos.— III. Encuadre normativo.— IV. Estándares aplicados.— V. Valoración.— VI. Conclusiones.
505 _t¿Te interesa el texto completo? Comunicate al correo: koha@justierradelfuego.gov.ar
650 0 _9211
_aDERECHO ADMINISTRATIVO
773 0 _02842
_93251
_dBuenos Aires : AbeledoPerrot, 2012-
_oDA121
_tDerecho administrativo. Nº 153 mayo/junio 2024
_z18510590
942 _2udc
_cANA